[Event "4NCL 2011-12"]
[Site "Hinkley ENG"]
[Date "2012.04.01"]
[Round "8.14"]
[White "Croad,N"]
[Black "Speelman,J"]
[Result "0-1"]
[WhiteElo "2292"]
[BlackElo "2507"]

1.d4 d6 2.Nf3 g6 3.c4 Bg7 4.Nc3 Bg4 5.d5 Nf6 6.g3 O-O 7.Bg2 Nfd7 8.Nd4 Nb6
9.b3 c5 10.dxc6 bxc6 11.Bb2 Qc8 12.O-O Bh3 13.Rc1 Bxg2 14.Kxg2 Qb7 15.Kg1 Nxc4
16.Ba1 Nb6 17.e4 a5 18.Nf3 N8d7 19.Re1 Rfd8 20.h4 h5 21.Rc2 e6 22.Ne2 Nf6
23.Ng5 c5 24.Nf4 e5 25.Ng2 a4 26.Rd2 axb3 27.axb3 Qe7 28.f4 Ng4 29.f5 Bh6
30.fxg6 f6 31.Nf7 Bxd2 32.Qxd2 Kg7 33.Ne3 Nxe3 34.Qxe3 Kxg6 35.Nxd8 Qxd8
36.Qf2 Qc8 37.Rf1 Qe6 38.Bc3 Nd7 39.Bd2 Ra2 40.Qe3 Qg4 41.b4 cxb4 42.Bxb4 d5
43.Bd2 dxe4 44.Qb3 Ra8 45.Rf2 Rb8 46.Qd5 Qxg3+ 47.Rg2  0-1

[Event "4NCL 2011-12"]
[Site "Hinkley ENG"]
[Date "2012.05.07"]
[Round "9.17"]
[White "Wilson,A"]
[Black "Speelman,J"]
[Result "0-1"]
[WhiteElo "2040"]
[BlackElo "2507"]

1.e4 g6 2.d4 Bg7 3.Nc3 c6 4.Be3 d6 5.Qd2 b5 6.h4 Nf6 7.f3 h5 8.O-O-O Nbd7
9.Nh3 Nb6 10.e5 b4 11.exf6 bxc3 12.Qxc3 Bxf6 13.Bg5 O-O 14.Bxf6 exf6 15.Bd3 Nd5
16.Qd2 Rb8 17.c4 Nb4 18.Bb1 Bxh3 19.Rxh3 Kg7 20.g4 Rh8 21.Rg1 Qa5 22.a3 Na2+
23.Bxa2 Qxd2+ 24.Kxd2 Rxb2+ 25.Kc3 Rxa2 26.Kb3 Re2 27.f4 hxg4 28.Rxg4 Re4  0-1

[Event "4NCL 2011-12"]
[Site "Hinkley ENG"]
[Date "2012.05.07"]
[Round "11.117"]
[White "Franklin,S"]
[Black "Speelman,J"]
[Result "1/2-1/2"]
[WhiteElo "2179"]
[BlackElo "2507"]

1.e4 e6 2.d4 d5 3.Nc3 Nf6 4.Bg5 dxe4 5.Nxe4 Nbd7 6.Nf3 h6 7.Nxf6+ Nxf6 8.Be3 Bd6
9.Qd3 Qe7 10.O-O-O Ng4 11.Kb1 Bd7 12.h3 Nxe3 13.Qxe3 O-O-O 14.Bd3 Bc6 15.h4 Kb8
16.h5 Qf6  1/2-1/2

[Event "4NCL 2012-13"]
[Site "Sunningdale ENG"]
[Date "2012.11.03"]
[Round "1.114"]
[White "Farrand,T"]
[Black "Speelman,J"]
[Result "0-1"]
[WhiteElo "2200"]
[BlackElo "2508"]

1.e4 g6 2.d4 Bg7 3.Nf3 d6 4.Nc3 Nf6 5.h3 c6 6.a4 O-O 7.Be3 Nbd7 8.Be2 Qc7
9.O-O b6 10.Qd2 Bb7 11.Rfd1 a6 12.Bh6 Rfe8 13.Qe3 e5 14.dxe5 Nxe5 15.Nxe5 Bxh6
16.Qxh6 Rxe5 17.f4 Re7 18.f5 d5 19.Rf1 Qe5 20.Rf4 Kh8 21.Raf1 g5 22.Qxg5 Rg8
23.Qh6 dxe4 24.Rh4 c5 25.Rd1 e3 26.Nd5 Bxd5 27.Rxd5 Qxd5 28.Qxf6+ Rg7 29.Rg4 Qe5
30.Qxb6 Rxg4 31.hxg4 Kg7 32.g5 Qxf5 33.Qh6+ Kg8 34.Bd3 Qxd3  0-1

[Event "4NCL 2012-13"]
[Site "Sunningdale ENG"]
[Date "2012.11.04"]
[Round "2.114"]
[White "Speelman,J"]
[Black "Jackson,J"]
[Result "1/2-1/2"]
[WhiteElo "2508"]
[BlackElo "2221"]

1.Nf3 d5 2.d4 e6 3.c4 c5 4.cxd5 exd5 5.Bg5 Be7 6.Bxe7 Nxe7 7.dxc5 O-O 8.Nc3 Qa5
9.e3 Nbc6 10.Bd3 Qxc5 11.O-O Be6 12.a3 Rad8 13.Rc1 Qd6 14.Nb5 Qd7 15.Nbd4 Bg4
16.Qc2 Bxf3 17.Nxf3 h6 18.Rfd1 Qe6 19.Qa4 Qd6 20.h3 a6 21.b4 b5 22.Qb3  1/2-1/2

[Event "4NCL 2012-13"]
[Site "Staverton ENG"]
[Date "2013.01.12"]
[Round "3.116"]
[White "Speelman,J"]
[Black "Spencer,C"]
[Result "1/2-1/2"]
[WhiteElo "2508"]
[BlackElo "2205"]

1.Nf3 d5 2.g3 Bg4 3.Bg2 Nd7 4.O-O e6 5.d3 Ngf6 6.Nbd2 Bc5 7.h3 Bh5 8.c4 c6
9.b3 O-O 10.Bb2 Qe7 11.a3 Bd6 12.b4 h6 13.Qb3 b6 14.cxd5 cxd5 15.Nd4 Rfc8
16.e4 Bg6 17.Rfe1 dxe4 18.dxe4 e5 19.Nf5 Qf8 20.Nc4 Bc7 21.Rad1 a5 22.Ncd6 Bxd6
23.Nxd6 Rc6 24.Nb5 axb4 25.axb4 Qe7 26.f4 Kh8 27.f5 Bh7 28.g4 Bg8 29.Rd2 Rcc8
30.Red1 Nf8 31.Nd6 Rcb8 32.Qg3 N6d7 33.Bf1 f6 34.Bb5 Ra7 35.h4 Rd8 36.Qc3 Rb8
37.Nc8 Rxc8 38.Qxc8 Qxb4 39.Bxd7 Nxd7 40.Qc3 Qxc3 41.Bxc3 Nc5 42.Rd8 Nxe4
43.Rc8 g5 44.fxg6 Kg7 45.Re1 Be6 46.Re8 Bd5 47.Bxe5 Nd2 48.Ra1 Rd7 49.Bf4 Nf3+
50.Kf2 Nxh4 51.Rd1 Nxg6 52.Kg3 Nxf4 53.Kxf4 Kg6 54.Rb8 Be6 55.Rxd7 Bxd7 56.Rxb6  1/2-1/2

[Event "4NCL 2012-13"]
[Site "Staverton ENG"]
[Date "2013.01.13"]
[Round "4.116"]
[White "Franklin,S"]
[Black "Speelman,J"]
[Result "1/2-1/2"]
[WhiteElo "2322"]
[BlackElo "2508"]

1.e4 c6 2.c4 e5 3.Nf3 d6 4.d4 Nd7 5.Nc3 Ngf6 6.Be2 Be7 7.O-O O-O 8.Be3 Ng4
9.Bd2 a6 10.d5 c5 11.Rb1 Ngf6 12.Ne1 Ne8 13.a4 Bg5 14.Nd3 g6 15.Qc1 Bxd2
16.Qxd2 Ng7 17.f4 exf4 18.Qxf4 Qe7 19.Rbe1 f6 20.Bg4 Ne5 21.Nxe5 fxe5 22.Qxf8+ Qxf8
23.Rxf8+ Kxf8  1/2-1/2

[Event "4NCL 2012-13"]
[Site "Staverton ENG"]
[Date "2013.02.23"]
[Round "5.116"]
[White "Osborne,M"]
[Black "Speelman,J"]
[Result "0-1"]
[WhiteElo "2280"]
[BlackElo "2508"]

1.d4 e6 2.c4 b6 3.a3 Bb7 4.Nc3 f5 5.d5 Nf6 6.g3 Bd6 7.Bg2 O-O 8.Nh3 Be5 9.O-O Bxc3
10.bxc3 Na6 11.Be3 Qe8 12.Nf4 e5 13.Nd3 d6 14.f4 Ng4 15.Qd2 Nxe3 16.Qxe3 exf4
17.Qxf4 Qxe2 18.Qd4 Nc5 19.Nf4 Qe5 20.Rae1 Qf6 21.Ne6 Nxe6 22.dxe6 Bxg2 23.Kxg2 Rae8
24.Qd5 Re7 25.Re3 g6 26.Rfe1 Kg7 27.Qd4 Rd8 28.Qd5 Rde8 29.h3 h5 30.h4 f4
31.gxf4 Qxf4 32.Re4 Qf6 33.R1e3 Rf8 34.Qd4 Kh7 35.Qxf6 Rxf6 36.Kg3 Kg7 37.c5 dxc5
38.Rd3 Rfxe6 39.Rxe6 Rxe6 40.Rd7+ Kf6 41.Rxc7 Re3+ 42.Kf4 Rxc3  0-1

[Event "4NCL 2012-13"]
[Site "Staverton ENG"]
[Date "2013.02.24"]
[Round "6.116"]
[White "Speelman,J"]
[Black "Arkell,K"]
[Result "1/2-1/2"]
[WhiteElo "2508"]
[BlackElo "2462"]

1.d4 e6 2.c4 Bb4+ 3.Bd2 Bxd2+ 4.Qxd2 d5 5.e3 Nf6 6.Nc3 O-O 7.Nf3 Qe7 8.Rc1 Nbd7
9.Qc2 c6 10.Be2 b6 11.O-O Bb7 12.Rfd1 Rfd8 13.a3 a6 14.cxd5 cxd5 15.b4 Rdc8
16.Qb2 Rc7 17.b5 a5 18.Na4 Rac8 19.Rxc7 Rxc7 20.Rc1 Qd8 21.Kf1  1/2-1/2

[Event "4NCL 2012-13"]
[Site "Hinckley ENG"]
[Date "2013.03.23"]
[Round "7.116"]
[White "Speelman,J"]
[Black "McCullough,S"]
[Result "1-0"]
[WhiteElo "2508"]
[BlackElo "2070"]

1.Nf3 c5 2.c4 Nf6 3.Nc3 g6 4.d4 cxd4 5.Nxd4 Bg7 6.e4 d6 7.Be2 O-O 8.O-O Nc6
9.Be3 Bd7 10.h3 Rc8 11.Nb3 Na5 12.c5 Bc6 13.e5 Ne8 14.exd6 exd6 15.cxd6 Nxb3
16.Qxb3 Nxd6 17.Rad1 Qf6 18.Nd5 Bxd5 19.Rxd5 Nf5 20.Bg4 Qxb2 21.Qxb2 Bxb2
22.Bxf5 gxf5 23.Rb1 Rc2 24.Rxf5 Rfc8 25.Rg5+ Kf8 26.Rb5 Bc1 27.Bxa7 Bf4 28.g3 Bd6
29.a4 Ra2 30.a5 Rcc2 31.Bb6 Bc7 32.Rf5 Bxb6 33.Rxb6 Rab2 34.Rfb5 Rxb5 35.Rxb5 Ra2
36.Kg2 Ra3 37.g4 Kg7 38.f3 Kg6 39.Kg3 Kf6 40.h4 h6 41.g5+ hxg5 42.hxg5+ Kg6
43.Kg4 Kg7 44.f4 Kg6 45.f5+ Kg7 46.Rxb7 Ra4+ 47.Kh5 Rxa5 48.f6+ Kg8 49.Kh6 Ra8
50.g6 Rf8 51.Ra7 fxg6 52.Kxg6 Rb8 53.Rg7+ Kf8 54.Rh7  1-0

[Event "4NCL 2012-13"]
[Site "Hinckley ENG"]
[Date "2013.03.24"]
[Round "8.116"]
[White "Van Weersel,A"]
[Black "Speelman,J"]
[Result "0-1"]
[WhiteElo "2168"]
[BlackElo "2508"]

1.e4 g6 2.d4 Bg7 3.Nf3 d6 4.Bc4 Nf6 5.Qe2 O-O 6.O-O Nc6 7.c3 Bg4 8.Nbd2 e5
9.h3 Bxf3 10.Nxf3 exd4 11.cxd4 d5 12.exd5 Nxd5 13.Rd1 Re8 14.Qc2 Qd6 15.Bg5 a6
16.Rac1 Nce7 17.Qb3 b5 18.Bf1 c6 19.a3 h6 20.Bd2 Nf5 21.Ba5 Rac8 22.Qd3 h5
23.Bd2 Nf4 24.Bxf4 Qxf4 25.d5 c5 26.d6 Red8 27.d7 Rc6 28.Re1 Qb8 29.Qd5 Rd6
30.Qxc5 R6xd7 31.b3 Bf8 32.Qc2 Bxa3 33.Ra1 Rc7 34.Qe4 Re7 35.Qb1 Rxe1 36.Qxe1 Qd6
37.Qa5 Bc5 38.Qxa6 Bxf2+ 39.Kxf2 Qc5+  0-1

[Event "4NCL 2012-13"]
[Site "Hinckley ENG"]
[Date "2013.05.04"]
[Round "9.171"]
[White "Chipanga,T"]
[Black "Speelman,J"]
[Result "0-1"]
[WhiteElo "2140"]
[BlackElo "2508"]

1.d4 e6 2.c4 b6 3.Nf3 Bb7 4.g3 Bb4+ 5.Nbd2 c5 6.dxc5 Bxc5 7.Bg2 Nf6 8.O-O O-O
9.a3 a5 10.b3 Nc6 11.e4 d5 12.exd5 exd5 13.Bb2 d4 14.Ne1 Re8 15.Nd3 Qd7 16.b4 axb4
17.axb4 Rxa1 18.Bxa1 Nxb4 19.Nxb4 Bxg2 20.Kxg2 Bxb4 21.Nf3 Bc5 22.Re1 Rxe1
23.Qxe1 Qa4 24.Nxd4 Qxc4 25.Nf3 Ne4 26.Bd4 Qd5 27.Bxc5 bxc5 28.Kg1 h6 29.Qb1 Nc3
30.Qb8+ Kh7 31.Kg2 f6 32.h4 Ne2 33.Qb1+ f5 34.g4 Nd4  0-1

[Event "4NCL 2012-13"]
[Site "Hinckley ENG"]
[Date "2013.05.05"]
[Round "10.161"]
[White "Speelman,J"]
[Black "Slavin,A"]
[Result "1/2-1/2"]
[WhiteElo "2508"]
[BlackElo "2397"]

1.d4 Nf6 2.Nf3 d5 3.c4 e6 4.Nc3 Bb4 5.e3 c5 6.a3 Bxc3+ 7.bxc3 O-O 8.Bb2 Nc6
9.h3 Qa5 10.Nd2 cxd4 11.Nb3 Qb6 12.c5 Qc7 13.cxd4 e5 14.dxe5 Nxe5 15.Be2 Bf5
16.O-O Rfe8 17.Rc1 a6 18.Nd4 Bg6 19.Qb3 Rad8 20.Rfd1 Ne4 21.Nf3 Nxf3+ 22.Bxf3 Qc6
23.h4 Qe6 24.Bd4 Rd7 25.Qb6 Rc8 26.h5 Bf5 27.Qxe6 Bxe6 28.h6 gxh6 29.Bxe4 dxe4
30.Kh2 Rd5 31.f3 exf3 32.gxf3 f6 33.Kg3 Kf7 34.Rh1 h5 35.Rb1 Rg5+ 36.Kf4 Bd5
37.e4 Bc6 38.Rbd1 h6 39.Bf2 Re8 40.Rd6 Re6 41.Rxe6 Kxe6 42.Rd1 Ke7 43.Rd6 Re5
44.Bh4  1/2-1/2

[Event "4NCL 2013-14"]
[Site "Hinckley ENG"]
[Date "2013.11.16"]
[Round "1.154"]
[White "Speelman,J"]
[Black "Qiu,T"]
[Result "0-1"]
[WhiteElo "2503"]
[BlackElo "2289"]

1.Nf3 Nf6 2.c4 c6 3.b3 d5 4.Bb2 Bg4 5.e3 e6 6.Be2 Bd6 7.Ne5 Bxe2 8.Qxe2 O-O
9.O-O Qe7 10.f4 Nbd7 11.d3 a5 12.a3 c5 13.a4 Bc7 14.Nxd7 Nxd7 15.Nc3 Nf6
16.Nb5 Bb8 17.Qf3 Rd8 18.g4 d4 19.g5 Ne8 20.exd4 cxd4 21.Kh1 Ba7 22.Rae1 Bc5
23.f5 Ra6 24.f6 Qd7 25.Re5 Rc6 26.Qh3 Nd6 27.Nxd6 Qxd6 28.Re4 g6 29.Rff4 h5
30.Rh4 Kf8 31.Qg3 Rb6 32.Rxd4 Qc6+ 33.Qg2 Bxd4 34.Bxd4 Rxb3  0-1

[Event "4NCL 2013-14"]
[Site "Hinckley ENG"]
[Date "2014.01.11"]
[Round "3.153"]
[White "Speelman,J"]
[Black "Jackson,J"]
[Result "1-0"]
[WhiteElo "2503"]
[BlackElo "2246"]

1.Nf3 Nf6 2.c4 e6 3.Nc3 c5 4.d4 cxd4 5.Nxd4 a6 6.a3 Qc7 7.Bg5 Be7 8.e3 b6
9.Be2 Bb7 10.O-O d6 11.Rc1 Nbd7 12.f4 Rc8 13.f5 e5 14.Nc2 O-O 15.Nb4 Qb8
16.Bf3 Rfe8 17.Bxb7 Qxb7 18.Bxf6 Nxf6 19.Ncd5 b5 20.b3 a5 21.Nxf6+ Bxf6 22.Nd5 a4
23.Rb1 bxc4 24.bxc4 Qa6 25.Rb4 Qc6 26.Qg4 Kf8 27.Qh5 h6 28.Rfb1 Rcd8 29.h4 Rd7
30.g4 Bd8 31.g5 f6 32.gxh6 gxh6 33.Kh2 Rg7 34.Qxh6 Kg8 35.Rg1 Rxg1 36.Kxg1 Qd7
37.Rb2 Qxf5 38.Rb7 Qg4+ 39.Kf2 Qf5+ 40.Kg3  1-0

[Event "4NCL 2013-14"]
[Site "Hinckley ENG"]
[Date "2014.01.12"]
[Round "4.153"]
[White "McNab,C"]
[Black "Speelman,J"]
[Result "1/2-1/2"]
[WhiteElo "2453"]
[BlackElo "2503"]

1.c4 e6 2.Nf3 Nf6 3.g3 d5 4.b3 Be7 5.Bg2 O-O 6.Bb2 b6 7.O-O Bb7 8.e3 Nbd7
9.Nc3 a6 10.Rc1 Bd6 11.cxd5 exd5 12.Ne2 Re8 13.Nf4 Ra7 14.d4 a5 15.Qc2 a4
16.Ne5 Qa8 17.Nc6 axb3 18.axb3 Ra2 19.Nd3 Ba6 20.Ncb4 Bxb4  1/2-1/2

[Event "4NCL 2013-14"]
[Site "Hinckley ENG"]
[Date "2014.02.15"]
[Round "5.155"]
[White "Zhou,Y"]
[Black "Speelman,J"]
[Result "1/2-1/2"]
[WhiteElo "2486"]
[BlackElo "2503"]

1.e4 c6 2.d4 d5 3.e5 c5 4.dxc5 e6 5.Be3 Nh6 6.c3 Nf5 7.Bd4 Bd7 8.Bd3 Nxd4
9.cxd4 b6 10.cxb6 Qxb6 11.Ne2 Nc6 12.Nbc3 Nxd4 13.O-O Nc6 14.Bb5 Nxe5 15.Nxd5 Qb7
16.Bxd7+ Nxd7 17.Ndc3 Be7 18.Qd2  1/2-1/2

[Event "4NCL 2013-14"]
[Site "Hinckley ENG"]
[Date "2014.02.16"]
[Round "6.153"]
[White "Speelman,J"]
[Black "Ferguson,M"]
[Result "1/2-1/2"]
[WhiteElo "2503"]
[BlackElo "2417"]

1.Nf3 d5 2.b3 Nf6 3.Bb2 Bf5 4.e3 e6 5.Be2 h6 6.O-O Be7 7.d3 O-O 8.Nbd2 Bh7
9.Re1 a5 10.a3 c6 11.Bf1 Qb6 12.h3 Nbd7 13.Ra2 Rfc8 14.Qa1 Qd8 15.e4 Nc5
16.e5 Nfd7 17.d4 Ne4 18.c4 Nxd2 19.Nxd2 Bg5 20.Bc3 a4 21.b4 Bxd2 22.Bxd2 dxc4
23.Bxc4 Nb6 24.Bf1 Qd7 25.Bc1 Rd8 26.Rd2 Nd5 27.Qb2  1/2-1/2

[Event "4NCL 2013-14"]
[Site "Hinckley ENG"]
[Date "2014.03.22"]
[Round "7.153"]
[White "Speelman,J"]
[Black "Edwards,Jonathan"]
[Result "1/2-1/2"]
[WhiteElo "2503"]
[BlackElo "2138"]

1.Nf3 c5 2.c4 Nf6 3.Nc3 g6 4.d4 cxd4 5.Nxd4 Nc6 6.g3 Bg7 7.Bg2 O-O 8.O-O Qb6
9.Nc2 d6 10.b3 Be6 11.Nd5 Bxd5 12.cxd5 Ne5 13.Be3 Qa5 14.Qe1 Qxe1 15.Rfxe1 Rfc8
16.Rac1 a5 17.Na3 Nfd7 18.h3 Nc5 19.f4 Ned7 20.Nb5 Na6 21.Na7 Rxc1 22.Rxc1 a4
23.Nb5 Ndc5 24.Bxc5 Nxc5 25.b4 Nb3 26.Rc7 Nd4 27.Nxd4 Bxd4+ 28.Kf1 a3 29.Be4 b6
30.Bd3 Ra4 31.Rc4 Be3 32.Bc2 Ra7 33.Ke1 Kg7 34.Rc3 Bd4 35.Rc4 Be3 36.Rc3 Bd4
37.Rc4  1/2-1/2

[Event "4NCL 2013-14"]
[Site "Hinckley ENG"]
[Date "2014.03.23"]
[Round "8.143"]
[White "Franklin,S"]
[Black "Speelman,J"]
[Result "0-1"]
[WhiteElo "2307"]
[BlackElo "2503"]

1.e4 c6 2.c4 d5 3.exd5 cxd5 4.cxd5 Nf6 5.Nc3 Nxd5 6.Nf3 Nc6 7.Bb5 e6 8.O-O Be7
9.d4 O-O 10.Re1 Qd6 11.a3 Rd8 12.Ne4 Qc7 13.Bg5 Bd7 14.Bxe7 Ndxe7 15.Qe2 Be8
16.Nc3 a6 17.Bxc6 Bxc6 18.Rad1 Rd6 19.Ne4 Bxe4 20.Qxe4 Qc6 21.Qf4 Rad8 22.Ne5 Qe8
23.Nc4 Rc6 24.Na5 Nd5 25.Qe5 Rc7 26.Rc1 Rxc1 27.Rxc1 Qb5 28.b4 h6 29.h3 b6
30.Nb7 Rf8 31.Qg3 Qe2 32.Nd6 Qd2 33.Rc4 b5 34.Rc6 Qxd4 35.Kh2 Qa7 36.Rc5 Qd7
37.Ne4 Qd8 38.Rc6 a5 39.Nc3 axb4 40.axb4 Nxb4 41.Rc5 Nd3 42.Rxb5 Qd4 43.Ne2 Qe4
44.Rb3 Rd8 45.Qc7 Qe5+ 46.Qxe5 Nxe5 47.Rb2 g5 48.Nc3 Kg7 49.Ne4 Rd7 50.Ra2 Rc7
51.Ra5 Nd3 52.Ra2 f5 53.Nd6 Rd7 54.Nc4 Kf6 55.Ne3 h5 56.Rd2 h4 57.Ra2 Rb7
58.Rd2 Rb3 59.Nc4 Rc3 60.Nb6 Ra3 61.Nd7+ Ke7 62.Nb6 Rb3 63.Nc4 Kf6 64.Nd6 Ne5
65.f3 Rxf3 66.Re2 Rc3 67.Ne8+ Ke7 68.Rxe5 Rc6 69.g4 hxg3+ 70.Kxg3 Kxe8  0-1

[Event "4NCL 2013-14"]
[Site "Hinckley ENG"]
[Date "2014.05.03"]
[Round "9.137"]
[White "Speelman,J"]
[Black "Foisor,M"]
[Result "1-0"]
[WhiteElo "2503"]
[BlackElo "2222"]

1.Nf3 c5 2.c4 Nc6 3.Nc3 g6 4.e3 Bg7 5.d4 cxd4 6.exd4 d6 7.d5 Ne5 8.Nxe5 Bxe5
9.Be2 Bg7 10.Be3 Nf6 11.O-O O-O 12.Qd2 Bd7 13.Rfe1 a6 14.f3 Rc8 15.Rad1 Qa5
16.a3 Rfd8 17.Bf1 Bf5 18.Qf2 Qc7 19.Bb6 Qd7 20.g4 Re8 21.gxf5 Qxf5 22.Ne4 Nd7
23.Ng3 Qg5 24.Bd4  1-0

[Event "4NCL 2013-14"]
[Site "Hinckley ENG"]
[Date "2014.05.04"]
[Round "10.181"]
[White "Gordon,S"]
[Black "Speelman,J"]
[Result "1/2-1/2"]
[WhiteElo "2518"]
[BlackElo "2503"]

1.Nf3 g6 2.d4 Bg7 3.c4 d6 4.Nc3 Bg4 5.g3 Nc6 6.d5 Bxf3 7.exf3 Nd4 8.h4 h5
9.Be3 c5 10.dxc6 Nxc6 11.Rc1 Nf6 12.Be2 O-O 13.O-O e6 14.Qb3 d5 15.cxd5 exd5
16.Rfd1 d4 17.Qxb7 Qe8 18.Bxd4 Rb8 19.Qa6 Nxd4 20.Rxd4 Rxb2 21.Bc4 Qb8 22.Rcd1 Rb6
23.Qa5 Rc6 24.Ne4 Nxe4 25.Rxe4 Qc7 26.Qxc7 Rxc7 27.Bb3 Rfc8 28.Rd6 Kf8 29.f4 Bb2
30.Ra4 Re8 31.f5 gxf5 32.Rda6 Ree7 33.R6a5 Be5 34.Kg2 Rcd7 35.Rd5 Rxd5 36.Bxd5 f4
37.Bf3 fxg3 38.fxg3 f5 39.Ra5 f4 40.gxf4 Bxf4 41.Bxh5 Re5 42.Ra4 Bd2 43.Bd1 Ra5
44.Rxa5 Bxa5  1/2-1/2